The Bigger, the Better. Identification of Urban Scaling

Guardado en:
Detalles Bibliográficos
Autor principal: Šimčisko, Juraj, 2000-
Formato: Capítulo de libro
Lenguaje:inglés
Materias:
Etiquetas: Agregar Etiqueta
Sin Etiquetas, Sea el primero en etiquetar este registro!

MARC

LEADER 00000naa$a2200000$$$4500
001 0314282
005 20260121110554.1
041 0 |a eng 
044 |a SK 
245 1 0 |a The Bigger, the Better. Identification of Urban Scaling  |c Juraj Šimčisko 
500 |a Abstrakt 
610 2 0 |a urbanizácia 
610 2 0 |a štatistika miest 
610 2 0 |a vývoj populačný 
610 2 0 |a rozvoj regionálny 
610 2 0 |a Európska únia 
100 1 |a Šimčisko, Juraj, 2000-